Optimalizácia rozhodovacích (riadiacich) pravidiel v problémoch multi-parametrického programovania

Saved in:
Bibliographic Details
Main Author: Paučo, Martin, 1988- (Author)
Other Authors: Števek, Juraj, 1984- (Thesis advisor)
Format: Manuscript Book
Language:Slovak
Published: Bratislava : STU v Bratislave FIIT, 2013
Subjects:
Online Access:VAIS
Tags: Add Tag
No Tags, Be the first to tag this record!

MARC

LEADER 00000ntm a22000003a 4500
001 stu275710
005 20150617230238.2
008 131005s2013----xo------------------slo-d
040 |a STU  |b slo 
041 0 |a slo 
044 |a xo 
100 1 |a Paučo, Martin,  |d 1988-  |4 aut  |u I  |T FIIT Fakulta informatiky a informačných technológií  |X 56268  |U I  |Y 70  |7 A000056268 
242 0 0 |a The Optimization of control laws in problems of multiparametric programming  |y eng 
245 1 |a Optimalizácia rozhodovacích (riadiacich) pravidiel v problémoch multi-parametrického programovania 
260 |a Bratislava :  |b STU v Bratislave FIIT,  |c 2013 
300 |a 56 s  |c príl. 
650 7 |a informatika  |2 stusub 
650 7 |a Informatics  |2 estusub 
700 1 |a Števek, Juraj,  |d 1984-  |4 ths  |X 11622  |7 A000011622 
856 4 |a info a plný text  |u http://is.stuba.sk/zp/portal_zp.pl?podrobnosti=56932  |3 VAIS 
996 |b IBAP110/13  |c I*BAP110/13  |l II680  |s A  |a 24  |w stu275710_0001